Climate Change and Automation: The Emission Effects of Robot Adoption

Gespeichert in:
Bibliographische Detailangaben
1. Verfasser: Abeliansky, Ana
Weitere Verfasser: Prettner, Klaus, 1982-, Rodríguez-Crespo, Ernesto
Format: Buchkapitel
Sprache:Englisch
Tags: Tag hinzufügen
Keine Tags, Fügen Sie das erste Tag hinzu!

MARC

LEADER 00000naa a2200000 4500
001 0305488
005 20260209094652.9
041 0 |a eng 
044 |a SK 
245 1 0 |a Climate Change and Automation: The Emission Effects of Robot Adoption  |c Klaus Prettner 
100 1 |a Abeliansky, Ana 
700 1 |a Prettner, Klaus, 1982- 
700 1 |a Rodríguez-Crespo, Ernesto